Journal of chemical education software; special issue 9 = Titration techniques
Saved in:
| Main Author: | |
|---|---|
| Format: | Book |
| Language: | Undetermined |
| Published: |
Madison, WI
Univ. of Wiscosin-Madison
1995
|
| Subjects: | |
| Tags: |
Add Tag
No Tags, Be the first to tag this record!
|
| Institutions: | Trung tâm Học liệu Trường Đại học Cần Thơ |
|---|
| LEADER | 00621nam a2200205Ia 4500 | ||
|---|---|---|---|
| 001 | CTU_55062 | ||
| 008 | 210402s9999 xx 000 0 und d | ||
| 020 | |b 14350 | ||
| 082 | |a 540 | ||
| 082 | |b J86/sp9 | ||
| 100 | |a Jerrold J. Jacobsen | ||
| 245 | 0 | |a Journal of chemical education software; special issue 9 | |
| 245 | 0 | |b = Titration techniques | |
| 245 | 0 | |c Jerrold J. Jacobsen, John Zimmerman and Gerald Zweerind | |
| 260 | |a Madison, WI | ||
| 260 | |b Univ. of Wiscosin-Madison | ||
| 260 | |c 1995 | ||
| 650 | |a chemistry | ||
| 650 | |x laboratory manuals | ||
| 980 | |a Trung tâm Học liệu Trường Đại học Cần Thơ | ||